| 000 | 00514nam a2200181Ia 4500 | ||
|---|---|---|---|
| 008 | 230917s9999||||xx |||||||||||||| ||und|| | ||
| 020 | _cGBP 43.99 (RS 4113.07) | ||
| 040 |
_e5015212 _aMAIN |
||
| 041 | _aEnglish | ||
| 082 | _a338.4791 E35T(3) | ||
| 100 | _aEdgell, David L | ||
| 245 | 0 | _aTourism policy and planning: Yesterday, today and tomorrow | |
| 250 | _a3rd ed. | ||
| 260 |
_aOxon _bRoutledge _c2019 |
||
| 300 | _axv, 332 p. | ||
| 500 | _a3931 01/01/2020 RBP20/78325 24/01/2020 Main Budget | ||
| 942 | _cBK | ||
| 999 |
_c1166 _d1166 |
||